=LDR 00000nam 2200000 4500 =001 INLIS000000000047553 =005 20201105090758 =035 ##$$a 0010-011600000000011 =008 201105################g##########0#ind## =082 ##$$a 321.4 =090 ##$$a 321.4 Dah s =100 ##$$a Dahl,Robert A, =245 1#$$a Sesudah Revolusi Usai ? : $b Kewenangan dalam masyarakat yang baik /$c Robert A.Dahl editor, Herman Sinaga =260 ##$$a Jakarta :$b Erlangga,$c 1988 =300 ##$$a 92 hlm ; $c 18 x 12 cm =084 ##$$a 321.4 DAH s =650 #4$$a Politik-Demokrasi =700 #$$a Herman Sinaga =504 ##$$a Bibliografi =990 ##$$a 67.846/Pro94